Вып. 6: сборник научных трудов; Производство ферросплавов

Bibliografische gegevens
Parent link:Производство ферросплавов: межвузовский сборник научных трудов/ Кузбасский политехнический институт ; отв. ред. Н. В. Толстогузов. Вып. 6.— , 1975-1986
Taal:Russisch
Gepubliceerd in: Новокузнецк, Кузбасский политехнический институт, 1984
Onderwerpen:
Formaat: MixedMaterials Boek
KOHA link:https://koha.lib.tpu.ru/cgi-bin/koha/opac-detail.pl?biblionumber=277468

MARC

LEADER 00000nam2a2200000 4500
001 277468
005 20231101235023.0
035 |a (RuTPU)RU\TPU\book\300742 
090 |a 277468 
100 |a 20141203d1984 k y0rusy5003 ca 
101 0 |a rus 
102 |a RU 
105 |a a z 001zy 
200 0 |a Вып. 6  |e сборник научных трудов 
210 |a Новокузнецк  |c Кузбасский политехнический институт  |d 1984 
215 |a 106 с.  |c ил. 
320 |a Библиография в конце статей 
461 1 |0 (RuTPU)RU\TPU\book\295962  |t Производство ферросплавов  |o межвузовский сборник научных трудов  |f Кузбасский политехнический институт ; отв. ред. Н. В. Толстогузов  |v Вып. 6  |d 1975-1986 
606 1 |a Ферросплавное производство   |2 stltpush  |3 (RuTPU)RU\TPU\subj\74860  |9 86828 
610 1 |a комплексные сплавы 
610 1 |a получение 
610 1 |a бедные руды 
610 1 |a использование 
610 1 |a окислы 
610 1 |a восстановление 
610 1 |a кинетика 
675 |a 669.168  |z rus  |v 4 
801 0 |a RU  |b RuMRKP  |c 19950704  |g psbo 
801 1 |a RU  |b 63413507  |c 20141203 
801 2 |a RU  |b 63413507  |c 20171221  |g RCR 
942 |c BK